| 000 | 00625nam a2200205 4500 | ||
|---|---|---|---|
| 003 | OSt | ||
| 005 | 20150214102650.0 | ||
| 008 | 800124s1977 sp | ||
| 040 | _cBMC | ||
| 082 | _a813.5 | ||
| 100 | 1 |
_aTheroux, Paul _930809 |
|
| 245 | 1 | 3 |
_aEl arsenal de la familia _cPaul Theroux ; traducción, Benigno H. Andrada |
| 260 |
_aBuenos Aires _bEmecé _c1977 |
||
| 300 |
_a339 p. _c18 cm |
||
| 490 | 0 | _aGrandes novelistas. La novela en el mundo actual | |
| 595 | _aTraducción de: The family arsenal | ||
| 650 | 2 | 4 |
_917595 _aNovela norteamericana |
| 700 | 1 |
_aAndrada, Benigno H. _930808 |
|
| 942 |
_2ddc _cBK |
||
| 999 |
_c17780 _d17780 |
||